[Event "BL2-Sued 2324"]
[Site "Germany"]
[Date "2024.03.16"]
[Round "9.2"]
[White "Muckle, Julius"]
[Black "Noe, Christopher"]
[Result "0-1"]
[WhiteElo "2402"]
[BlackElo "2532"]
[PlyCount "116"]
[EventDate "2023.10.21"]
[EventType "team-tourn"]
[EventRounds "10"]
[EventCountry "GER"]
[SourceTitle "EXT 2025"]
[Source "ChessBase"]
[SourceDate "2024.10.14"]
[SourceVersion "1"]
[SourceVersionDate "2024.10.14"]
[SourceQuality "1"]
[WhiteTeam "Walldorf"]
[BlackTeam "Eppingen"]
[WhiteTeamCountry "GER"]
[BlackTeamCountry "GER"]

1. d4 Nf6 2. c4 e6 3. Nf3 Bb4+ 4. Nbd2 b6 5. a3 Bxd2+ 6. Bxd2 Bb7 7. Bg5 h6 8. Bh4 d6 9. e3 Nbd7 10. Be2 g5 11. Bg3 Ne4 12. d5 Ndf6 13. dxe6 fxe6 14. Nd4 Qd7 15. Bh5+ Ke7 16. Bf3 e5 17. Ne2 h5 18. Bxe4 Nxe4 19. f3 Nf6 20. h4 Rhg8 21. Qc2 g4 22. e4 Qe6 23. 0-0-0 gxf3 24. gxf3 Nd7 25. Bf2 Rgf8 26. Qc3 Bxe4 27. fxe4 Rxf2 28. Ng3 Nc5 29. Rhf1 Rxf1 30. Rxf1 Rg8 31. Nf5+ Kd7 32. b3 Nxe4 33. Qe3 Nc5 34. Nh6 Rg7 35. Rf5 Nxb3+ 36. Qxb3 Qxh6+ 37. Kd1 Rg1+ 38. Ke2 Qg6 39. Qf3 Qg2+ 40. Qxg2 Rxg2+ 41. Kf3 Rg4 42. Rxh5 Rxc4 43. Rh7+ Ke6 44. h5 Kf6 45. Ke3 Kg5 46. Kd3 b5 47. h6 a5 48. Rh8 Rd4+ 49. Kc3 b4+ 50. axb4 axb4+ 51. Kb3 c5 52. Ka4 e4 53. Kb3 Kg6 54. Ka4 e3 55. Re8 Rd3 56. Re6+ Kh7 57. Kb5 b3 58. Kc4 b2 0-1

[Event "Baden-ch 94th"]
[Site "Forst"]
[Date "2022.10.02"]
[Round "5"]
[White "Jaeschke, Felix"]
[Black "Muckle, Julius"]
[Result "0-1"]
[WhiteElo "2115"]
[BlackElo "2375"]
[PlyCount "144"]
[EventDate "2022.09.30"]
[EventType "swiss"]
[EventRounds "7"]
[EventCountry "GER"]
[SourceTitle "CBM 210 Extra"]
[Source "ChessBase"]
[SourceDate "2022.11.30"]
[SourceVersion "1"]
[SourceVersionDate "2022.11.30"]
[SourceQuality "1"]

1. e4 e6 2. d4 d5 3. Nd2 Nf6 4. e5 Nfd7 5. f4 c5 6. c3 Nc6 7. Ndf3 Qb6 8. Ne2 Be7 9. h4 f6 10. h5 0-0 11. g3 cxd4 12. cxd4 fxe5 13. Bh3 Nxd4 14. Nexd4 exd4 15. 0-0 Nf6 16. Kh2 Ne4 17. Qxd4 Bc5 18. Qe5 Nf2 19. b4 Bd6 20. Bxe6+ Kh8 21. Qxd5 Bxe6 22. Qxe6 Rae8 23. Qc4 Re4 24. Qc2 Ng4+ 25. Kh3 Nf6 26. h6 Bxf4 27. hxg7+ Kxg7 28. Bxf4 Qe6+ 29. Kg2 Re2+ 30. Qxe2 Qxe2+ 31. Rf2 Qb5 32. Be5 Kg8 33. a4 Qc4 34. Rd1 Ng4 35. Rd4 Qe6 36. Bd6 Nxf2 37. Bxf8 Kxf8 38. Kxf2 Qa2+ 39. Ke3 Qxa4 40. Ne5 Ke7 41. Nd3 Qb3 42. Rh4 Qg8 43. Kd2 h6 44. Kc2 Qg5 45. Re4+ Kd6 46. Rd4+ Ke6 47. g4 Qe3 48. Kc3 Kf6 49. Kc4 Kg5 50. b5 Qe6+ 51. Kb4 Qb6 52. Kc4 Qa5 53. Nb4 Qc7+ 54. Kb3 Kh4 55. Nc2 Qc5 56. Rb4 Kg3 57. Na3 Kf3 58. Rc4 Qd5 59. Kb4 Qd2+ 60. Kb3 Qa5 61. Rb4 Qb6 62. Ka4 Ke2 63. Rb2+ Kd3 64. Rb3+ Kd4 65. Rb4+ Kd5 66. Rf4 Qd6 67. Rb4 Qg3 68. Nc4 Qc3 69. Na3 Kc5 70. Rf4 a5 71. bxa6 b5+ 72. Nxb5 Qc2+ 0-1

[Event "GER-ch Rapid 48th"]
[Site "Goettingen"]
[Date "2022.09.25"]
[Round "6"]
[White "Kopylov, Michael"]
[Black "Muckle, Julius"]
[Result "1-0"]
[WhiteElo "2371"]
[BlackElo "2401"]
[PlyCount "98"]
[EventDate "2022.09.24"]
[EventType "swiss (rapid)"]
[EventRounds "9"]
[EventCountry "GER"]
[SourceTitle "CBM 210 Extra"]
[Source "ChessBase"]
[SourceDate "2022.11.30"]
[SourceVersion "1"]
[SourceVersionDate "2022.11.30"]
[SourceQuality "1"]

1. d4 d5 2. c4 c6 3. Nf3 Nf6 4. Qc2 g6 5. Bf4 Bf5 6. Qb3 Qb6 7. e3 Nbd7 8. Nc3 Bg7 9. h3 0-0 10. Be2 Ne4 11. cxd5 Nxc3 12. bxc3 Qxb3 13. axb3 cxd5 14. 0-0 f6 15. Ra5 e5 16. Bg3 Be6 17. dxe5 Nxe5 18. Bxe5 fxe5 19. Ng5 b6 20. Rb5 Bf5 21. Rxd5 h6 22. Nf3 Be6 23. Rb5 Bd7 24. Rd5 Be6 25. Rd6 Bxb3 26. Rxg6 Rac8 27. Ra1 e4 28. Nd4 Bf7 29. Rg3 Kh8 30. Rxa7 Rxc3 31. Rxg7 Kxg7 32. Ne6+ Kg8 33. Nxf8 Kxf8 34. Bg4 b5 35. Rb7 Bc4 36. Bf5 Bd3 37. Kh2 Rc5 38. Be6 Re5 39. Bd7 Rd5 40. Kg3 Rg5+ 41. Kh2 Rd5 42. g4 Rc5 43. Kg3 Rd5 44. h4 Rc5 45. Bf5 Ke8 46. Kf4 Rc2 47. Bxe4 Bxe4 48. Kxe4 Rxf2 49. Rxb5 Kf7 1-0

[Event "GER-ch Rapid 48th"]
[Site "Goettingen"]
[Date "2022.09.24"]
[Round "2"]
[White "Bornholdt, Joa Max"]
[Black "Muckle, Julius"]
[Result "0-1"]
[WhiteElo "2196"]
[BlackElo "2401"]
[PlyCount "64"]
[EventDate "2022.09.24"]
[EventType "swiss (rapid)"]
[EventRounds "9"]
[EventCountry "GER"]
[SourceTitle "CBM 210 Extra"]
[Source "ChessBase"]
[SourceDate "2022.11.30"]
[SourceVersion "1"]
[SourceVersionDate "2022.11.30"]
[SourceQuality "1"]

1. d4 d5 2. c4 c6 3. Nf3 Nf6 4. Nbd2 Bf5 5. Nh4 Be4 6. f3 Bg6 7. e3 e6 8. Qb3 Qc7 9. Be2 Nbd7 10. Nxg6 hxg6 11. f4 Be7 12. Nf3 0-0 13. 0-0 c5 14. cxd5 exd5 15. Bd2 c4 16. Qc2 Ne4 17. Rac1 Rac8 18. a4 Qb6 19. a5 Qb5 20. Be1 b6 21. axb6 Qxb6 22. Ra1 Bb4 23. Bxb4 Qxb4 24. Rxa7 Ndf6 25. Ne5 Rb8 26. Rb1 Qd2 27. Qxd2 Nxd2 28. Rc1 Rxb2 29. Bf3 Nfe4 30. Rd7 c3 31. Nd3 Rfb8 32. Rc7 Rb1 0-1

[Event "GER-ch Rapid 48th"]
[Site "Goettingen"]
[Date "2022.09.24"]
[Round "1"]
[White "Muckle, Julius"]
[Black "Philipp, Mathias"]
[Result "1-0"]
[WhiteElo "2401"]
[BlackElo "2158"]
[PlyCount "71"]
[EventDate "2022.09.24"]
[EventType "swiss (rapid)"]
[EventRounds "9"]
[EventCountry "GER"]
[SourceTitle "CBM 210 Extra"]
[Source "ChessBase"]
[SourceDate "2022.11.30"]
[SourceVersion "1"]
[SourceVersionDate "2022.11.30"]
[SourceQuality "1"]

1. d4 f5 2. c4 Nf6 3. Nc3 e6 4. g3 d5 5. Nf3 c6 6. Bg2 Be7 7. 0-0 0-0 8. Rb1 a5 9. a3 Ne4 10. Qc2 Bd7 11. b4 axb4 12. axb4 Nxc3 13. Qxc3 b5 14. c5 Be8 15. Ne5 Qc7 16. h4 h6 17. Bf4 g5 18. hxg5 hxg5 19. Bd2 Bh5 20. Bf3 g4 21. Bg2 Nd7 22. Bf4 Qb7 23. Qe3 Bf6 24. Ra1 Kh7 25. Nd3 Bf7 26. Bg5 Bg7 27. f3 gxf3 28. Bxf3 Rxa1 29. Rxa1 Ra8 30. Rf1 Nf8 31. Ne5 Kg8 32. Kg2 Ng6 33. Nxg6 Bxg6 34. Qxe6+ Bf7 35. Qxf5 Re8 36. Bf6 1-0

[Event "Spilimbergo op 20th"]
[Site "Spilimbergo"]
[Date "2022.08.10"]
[Round "3"]
[White "Doric, Darko"]
[Black "Muckle, Julius"]
[Result "1/2-1/2"]
[WhiteElo "2473"]
[BlackElo "2389"]
[PlyCount "25"]
[EventDate "2022.08.09"]
[EventType "swiss"]
[EventRounds "9"]
[EventCountry "ITA"]
[SourceTitle "CBM 209 Extra"]
[Source "ChessBase"]
[SourceDate "2022.09.30"]
[SourceVersion "1"]
[SourceVersionDate "2022.09.30"]
[SourceQuality "1"]

1. d4 d5 2. c4 c6 3. Nf3 Nf6 4. e3 Bf5 5. Nc3 e6 6. Nh4 Be4 7. f3 Bg6 8. Qb3 Qc7 9. Bd2 Nbd7 10. 0-0-0 dxc4 11. Bxc4 b5 12. Be2 a6 13. Nxg6 1/2-1/2

[Event "BL2-Sued 2122"]
[Site "Germany"]
[Date "2022.05.14"]
[Round "5.3"]
[White "Muckle, Julius"]
[Black "Doric, Darko"]
[Result "0-1"]
[WhiteElo "2391"]
[BlackElo "2481"]
[PlyCount "138"]
[EventDate "2022.03.05"]
[EventType "team-tourn"]
[EventRounds "10"]
[EventCountry "GER"]
[SourceTitle "EXT 2023"]
[Source "ChessBase"]
[SourceDate "2022.10.05"]
[SourceVersion "1"]
[SourceVersionDate "2022.10.05"]
[SourceQuality "1"]
[WhiteTeam "Walldorf"]
[BlackTeam "Schoenaich"]
[WhiteTeamCountry "GER"]
[BlackTeamCountry "GER"]

1. d4 Nf6 2. c4 e6 3. Nf3 d5 4. Nc3 c5 5. e3 cxd4 6. exd4 Bb4 7. cxd5 Nxd5 8. Bb5+ Bd7 9. Bxd7+ Nxd7 10. 0-0 Nxc3 11. bxc3 Bd6 12. c4 b6 13. Be3 0-0 14. Qa4 Qe7 15. Bg5 Nf6 16. Rfe1 h6 17. Bh4 Qd7 18. Qb3 Nh5 19. Rad1 Qc7 20. Ne5 Rac8 21. Qf3 g6 22. Ng4 Kh7 23. Bg3 Nxg3 24. hxg3 h5 25. Nf6+ Kg7 26. c5 Be7 27. Ne4 Rfd8 28. Nc3 bxc5 29. d5 Qb7 30. Rb1 Qa8 31. dxe6 Qxf3 32. gxf3 Rc7 33. exf7 Kxf7 34. Ne4 c4 35. Rec1 Rd3 36. Kf1 Rxf3 37. Nd2 Rf5 38. Nxc4 Rfc5 39. Ne5+ Kf6 40. Rxc5 Bxc5 41. Nd3 Bd6 42. f4 Rc2 43. Rb2 Rxb2 44. Nxb2 Kf5 45. Nc4 Bc7 46. Kg2 h4 47. Kf3 hxg3 48. Ne3+ Ke6 49. Kg4 a5 50. Ng2 Kd5 51. Kxg3 Ke4 52. Kg4 Bd8 53. a4 Bf6 54. Ne1 Kd4 55. Nf3+ Kc4 56. Ne5+ Kb4 57. Nxg6 Kxa4 58. Kf5 Bc3 59. Ne5 Kb3 60. Nd3 Kc4 61. Ne5+ Kd5 62. Nd7 Bd4 63. Nf6+ Bxf6 64. Kxf6 a4 65. f5 a3 66. Ke7 a2 67. f6 a1Q 68. f7 Qa3+ 69. Ke8 Ke6 0-1

[Event "GER-chT Lands U20"]
[Site "Neumuenster"]
[Date "2021.10.04"]
[Round "5.3"]
[White "Reuker, Jari"]
[Black "Muckle, Julius"]
[Result "1-0"]
[WhiteElo "2404"]
[BlackElo "2414"]
[PlyCount "105"]
[EventDate "2021.10.01"]
[EventType "team-swiss"]
[EventRounds "7"]
[EventCountry "GER"]
[SourceTitle "CBM 204 Extra"]
[Source "ChessBase"]
[SourceDate "2021.11.30"]
[SourceVersion "1"]
[SourceVersionDate "2021.11.30"]
[SourceQuality "1"]
[WhiteTeam "Bremen/Niedersachsen"]
[BlackTeam "Rheinland Pfalz"]
[WhiteTeamCountry "GER"]
[BlackTeamCountry "GER"]

1. c4 c6 2. Nf3 d5 3. g3 Nf6 4. Bg2 Bg4 5. 0-0 Nbd7 6. d4 e6 7. h3 Bh5 8. cxd5 cxd5 9. Qb3 Qb6 10. Qxb6 Nxb6 11. Nc3 Bd6 12. Nb5 Bb8 13. g4 Bg6 14. Ne5 Nbd7 15. Bf4 a6 16. Rfc1 Bxe5 17. dxe5 axb5 18. exf6 gxf6 19. Rc7 Ke7 20. Rxb7 Ra4 21. Bd2 Rb8 22. Rxb8 Nxb8 23. Bf1 Kd6 24. b3 Ra8 25. Bb4+ Kc6 26. a3 Kb6 27. Rc1 Nc6 28. Bc5+ Kb7 29. e3 Na5 30. Rc3 Rc8 31. Bxb5 Nxb3 32. Bb4 Rxc3 33. Bxc3 e5 34. f4 d4 35. exd4 exd4 36. Bb4 Bc2 37. Kf2 Kb6 38. Bc4 Nc1 39. Bd2 Nb3 40. Ke2 Nxd2 41. Kxd2 Be4 42. Bxf7 h6 43. h4 Kc5 44. g5 fxg5 45. fxg5 hxg5 46. hxg5 Kd6 47. g6 Ke7 48. a4 Bc6 49. a5 Bb5 50. Ba2 Kf6 51. Bb1 Ba6 52. Bd3 Bc8 53. Kc2 1-0

[Event "GER-chT Lands U20"]
[Site "Neumuenster"]
[Date "2021.10.02"]
[Round "2.1"]
[White "Costa, Leonardo"]
[Black "Muckle, Julius"]
[Result "1/2-1/2"]
[WhiteElo "2336"]
[BlackElo "2414"]
[PlyCount "102"]
[EventDate "2021.10.01"]
[EventType "team-swiss"]
[EventRounds "7"]
[EventCountry "GER"]
[SourceTitle "CBM 204 Extra"]
[Source "ChessBase"]
[SourceDate "2021.11.30"]
[SourceVersion "1"]
[SourceVersionDate "2021.11.30"]
[SourceQuality "1"]
[WhiteTeam "Bayern"]
[BlackTeam "Rheinland Pfalz"]
[WhiteTeamCountry "GER"]
[BlackTeamCountry "GER"]

1. e4 e6 2. d4 d5 3. e5 c5 4. c3 Qb6 5. Nf3 Bd7 6. Bd3 Bb5 7. dxc5 Bxc5 8. b4 Bxd3 9. Qxd3 Bf8 10. 0-0 Nc6 11. Na3 a6 12. Be3 Qc7 13. Rfe1 Nxe5 14. Nxe5 Qxe5 15. Nb5 Qb8 16. g3 Qc8 17. Nd4 Nf6 18. Nb3 Be7 19. a4 0-0 20. a5 Qc6 21. Bc5 Bxc5 22. Nxc5 Rfd8 23. Rac1 Nd7 24. Nb3 Rac8 25. Red1 Rc7 26. Qe3 Qc4 27. Nd2 Qb5 28. Nb3 Rdc8 29. Rd3 h6 30. Nd4 Qc4 31. Rdd1 Nf6 32. f3 Nd7 33. Qd3 Qxd3 34. Rxd3 Ne5 35. Re3 Nc4 36. Re2 Na3 37. Re3 Nb5 38. Nb3 d4 39. Rd3 Rxc3 40. Rdxc3 Rxc3 41. Rxc3 dxc3 42. Kf2 Kf8 43. Ke3 Nc7 44. Kd3 Nd5 45. Nc5 Ke7 46. Nxb7 Kd7 47. Nc5+ Kc6 48. Nxa6 Kb5 49. Nb8 Kxb4 50. a6 Kb3 51. Nc6 Nc7 1/2-1/2

[Event "GER-ch 92nd"]
[Site "Magdeburg"]
[Date "2021.07.28"]
[Round "5"]
[White "Koelle, Tobias"]
[Black "Muckle, Julius"]
[Result "0-1"]
[WhiteElo "2312"]
[BlackElo "2423"]
[PlyCount "76"]
[EventDate "2021.07.25"]
[EventType "swiss"]
[EventRounds "9"]
[EventCountry "GER"]
[SourceTitle "CBM 203 Extra"]
[Source "ChessBase"]
[SourceDate "2021.09.30"]
[SourceVersion "1"]
[SourceVersionDate "2021.09.30"]
[SourceQuality "1"]

1. d4 d5 2. c4 c6 3. Nf3 Nf6 4. Qc2 g6 5. Bf4 Bf5 6. Qb3 Qb6 7. c5 Qxb3 8. axb3 Nbd7 9. Nc3 Bg7 10. h3 Ne4 11. e3 Nxc3 12. bxc3 Nxc5 13. Be5 f6 14. Bh2 Nd7 15. Kd2 e5 16. Be2 0-0 17. Ra2 a6 18. b4 Rae8 19. Kc1 Be4 20. Rg1 Bxf3 21. Bxf3 f5 22. Kd1 f4 23. Re1 Nb6 24. Be2 fxe3 25. fxe3 Rf2 26. Bc4 Ref8 27. Bb3 Rxa2 28. Bxa2 Na4 29. Kc2 Rf2+ 30. Kb3 Nb6 31. Ka3 Rxg2 32. Bxe5 Bxe5 33. dxe5 Kf7 34. e4 Rg3 35. exd5 cxd5 36. Rf1+ Ke7 37. Rf6 Rxc3+ 38. Bb3 Rc6 0-1

[Event "GER-ch 92nd"]
[Site "Magdeburg"]
[Date "2021.07.26"]
[Round "2"]
[White "Muckle, Julius"]
[Black "Kuhn, Patrick"]
[Result "1/2-1/2"]
[WhiteElo "2423"]
[BlackElo "2073"]
[PlyCount "83"]
[EventDate "2021.07.25"]
[EventType "swiss"]
[EventRounds "9"]
[EventCountry "GER"]
[SourceTitle "CBM 203 Extra"]
[Source "ChessBase"]
[SourceDate "2021.09.30"]
[SourceVersion "1"]
[SourceVersionDate "2021.09.30"]
[SourceQuality "1"]

1. d4 d5 2. c4 e6 3. Nc3 a6 4. cxd5 exd5 5. Nf3 c6 6. Qc2 Bd6 7. Bg5 Ne7 8. e3 Bf5 9. Bd3 Bxd3 10. Qxd3 h6 11. Bh4 Qd7 12. 0-0 0-0 13. Ne5 Bxe5 14. dxe5 Nf5 15. Bg3 Nxg3 16. hxg3 Qe7 17. e4 dxe4 18. Qxe4 Nd7 19. f4 Nc5 20. Qb4 Rfe8 21. Rad1 a5 22. Qc4 Rad8 23. Kh2 b5 24. Qe2 Rxd1 25. Rxd1 Rd8 26. Qf3 Rxd1 27. Nxd1 Qd7 28. Nc3 b4 29. Ne2 a4 30. Qe3 Qd5 31. f5 Ne4 32. Qf4 c5 33. Ng1 Ng5 34. Nh3 Qe4 35. Nf2 Qe2 36. Ng4 Qe4 37. Nf2 Qe2 38. Ng4 Qe4 39. Nf2 Qe2 40. Ng4 c4 41. e6 fxe6 42. f6 1/2-1/2

[Event "FIDE World Uni Rapid-E 1st"]
[Site "Tornelo INT"]
[Date "2021.03.21"]
[Round "9"]
[White "Doluweera, Minul Sanjula"]
[Black "Muckle, Julius"]
[Result "0-1"]
[WhiteElo "2139"]
[BlackElo "2423"]
[PlyCount "52"]
[EventDate "2021.03.20"]
[EventType "swiss (rapid)"]
[EventRounds "12"]
[EventCountry "NET"]
[SourceTitle "EXT 2022"]
[Source "ChessBase"]
[SourceDate "2021.10.06"]
[SourceVersion "1"]
[SourceVersionDate "2021.10.06"]
[SourceQuality "1"]

1. d4 d5 2. c4 c6 3. cxd5 cxd5 4. Bg5 Nc6 5. Nc3 Nf6 6. Bxf6 exf6 7. e3 Bb4 8. Nge2 0-0 9. a3 Ba5 10. b4 Bc7 11. g3 Be6 12. Bg2 Rc8 13. Qb3 Ne7 14. 0-0 Qd7 15. Rfc1 g5 16. Na4 b6 17. b5 h5 18. Nac3 h4 19. a4 Kg7 20. Rc2 Rh8 21. Rac1 hxg3 22. hxg3 Bb8 23. Qb1 Bh3 24. Bf3 Qf5 25. Bh1 Qh7 26. Nxd5 Bf5 0-1

[Event "FIDE World Uni Rapid-E 1st"]
[Site "Tornelo INT"]
[Date "2021.03.20"]
[Round "5"]
[White "Muckle, Julius"]
[Black "Priasmoro, Novendra"]
[Result "1-0"]
[WhiteElo "2423"]
[BlackElo "2502"]
[PlyCount "149"]
[EventDate "2021.03.20"]
[EventType "swiss (rapid)"]
[EventRounds "12"]
[EventCountry "NET"]
[SourceTitle "EXT 2022"]
[Source "ChessBase"]
[SourceDate "2021.10.06"]
[SourceVersion "1"]
[SourceVersionDate "2021.10.06"]
[SourceQuality "1"]

1. d4 Nf6 2. c4 e6 3. Nf3 b6 4. g3 Ba6 5. Nbd2 c6 6. Bg2 d5 7. 0-0 Be7 8. Ne5 0-0 9. Qc2 Nfd7 10. Ndf3 Qc8 11. b3 Nxe5 12. Nxe5 Nd7 13. Nd3 Bf6 14. Bb2 Rb8 15. Rac1 dxc4 16. bxc4 c5 17. d5 exd5 18. Bxf6 Nxf6 19. cxd5 Re8 20. Rfe1 Qf5 21. e4 Qg6 22. Nf4 Qg5 23. h4 Qe5 24. Qc3 Nd7 25. Nh3 Qxc3 26. Rxc3 b5 27. f4 b4 28. Rcc1 c4 29. Bf1 Nb6 30. Ng5 Bb5 31. Nf3 Rec8 32. d6 a5 33. e5 Bd7 34. Nd4 g6 35. e6 fxe6 36. Nxe6 a4 37. Ng5 h6 38. Ne4 Kf7 39. a3 b3 40. Nc3 Re8 41. Re5 Rxe5 42. fxe5 Bf5 43. Re1 Ke6 44. Bg2 b2 45. g4 b1Q 46. Nxb1 Bxb1 47. Rxb1 Kxe5 48. Bc6 Kxd6 49. Bxa4 Kc7 50. Bc2 Ra8 51. Ra1 g5 52. hxg5 hxg5 53. a4 Ra5 54. Rf1 Kd6 55. Rf5 Ra7 56. Rxg5 Nxa4 57. Kf2 Nc5 58. Ke3 Ra3+ 59. Kd2 c3+ 60. Ke3 Ra2 61. Bf5 Nb3 62. Rg6+ Kc5 63. Rg8 Kb4 64. Rb8+ Ka3 65. Be6 c2 66. Rxb3+ Ka4 67. Kd2 c1Q+ 68. Kxc1 Re2 69. Rb6 Ka5 70. Rd6 Kb4 71. Bf5 Kc3 72. Kd1 Rg2 73. Ke1 Kc4 74. Rd2 Rg3 75. Kf2 1-0

[Event "GER-chT Lands U20"]
[Site "Berlin"]
[Date "2020.10.03"]
[Round "6.2"]
[White "Muckle, Julius"]
[Black "Pubantz, Jan"]
[Result "1-0"]
[WhiteElo "2427"]
[BlackElo "2295"]
[PlyCount "59"]
[EventDate "2020.09.29"]
[EventType "team-swiss"]
[EventRounds "7"]
[EventCountry "GER"]
[SourceTitle "CBM 198 Extra"]
[Source "ChessBase"]
[SourceDate "2020.11.30"]
[SourceVersion "1"]
[SourceVersionDate "2020.11.30"]
[SourceQuality "1"]
[WhiteTeam "Rheinland Pfalz U20"]
[BlackTeam "Niedersachsen U20"]
[WhiteTeamCountry "GER"]
[BlackTeamCountry "GER"]

1. d4 d5 2. c4 c6 3. Nf3 Nf6 4. Nc3 e6 5. e3 Nbd7 6. Qc2 Bd6 7. b3 0-0 8. Bb2 e5 9. Be2 e4 10. Nd2 Nb8 11. h3 Na6 12. 0-0-0 b5 13. c5 Be7 14. g4 Ne8 15. f3 f5 16. Rdf1 Bg5 17. Nd1 f4 18. fxe4 fxe3 19. Rxf8+ Kxf8 20. Nf3 Nb4 21. Qb1 dxe4 22. Qxe4 Be7 23. Qxh7 Qd5 24. a3 Na2+ 25. Kb1 Be6 26. Kxa2 Qxb3+ 27. Kb1 Nf6 28. Qc2 Qa2+ 29. Kc1 Bb3 30. Nc3 1-0

[Event "GER-chT Lands U20"]
[Site "Berlin"]
[Date "2020.10.02"]
[Round "5.2"]
[White "Nothnagel, Marian Can"]
[Black "Muckle, Julius"]
[Result "1-0"]
[WhiteElo "2355"]
[BlackElo "2427"]
[PlyCount "81"]
[EventDate "2020.09.29"]
[EventType "team-swiss"]
[EventRounds "7"]
[EventCountry "GER"]
[SourceTitle "CBM 198 Extra"]
[Source "ChessBase"]
[SourceDate "2020.11.30"]
[SourceVersion "1"]
[SourceVersionDate "2020.11.30"]
[SourceQuality "1"]
[WhiteTeam "Hessen U20"]
[BlackTeam "Rheinland Pfalz U20"]
[WhiteTeamCountry "GER"]
[BlackTeamCountry "GER"]

1. e4 e6 2. d3 d5 3. Nd2 c5 4. Ngf3 Nc6 5. g3 g6 6. Bg2 Bg7 7. 0-0 Nge7 8. Re1 0-0 9. c3 b5 10. e5 Qc7 11. Qe2 b4 12. Nb3 c4 13. dxc4 Ba6 14. Bf4 bxc3 15. bxc3 Na5 16. Nfd4 Rac8 17. Qg4 Nxc4 18. Bf1 Qb6 19. Qe2 Nc6 20. Nxc6 Rxc6 21. Nd4 Rc7 22. h4 Qa5 23. Rac1 Rb8 24. Nb3 Qa3 25. h5 Rb6 26. hxg6 hxg6 27. Qg4 Nb2 28. Be3 Rb8 29. Bc5 Rxc5 30. Nxc5 Bxf1 31. Nxe6 Bd3 32. Ng5 Bf5 33. Qh4 Rb6 34. e6 fxe6 35. g4 Qa4 36. c4 Nd3 37. gxf5 Nxe1 38. Qh7+ Kf8 39. f6 Nf3+ 40. Kg2 Nh4+ 41. Qxh4 1-0